20th Century Dictators - Statistics

General Stats
  • This quiz has been taken 257 times
    202 since last reset
  • The average score is 22 of 35
Answer Stats
Hint Answer % Correct
Germany, 1933-45 Adolf Hitler
99%
Italy, 1922-45 Benito Mussolini
99%
Soviet Union, 1924-53 Josef Stalin
98%
China, 1949-76 Mao Zedong
96%
Spain, 1939-75 Francisco Franco
94%
Cuba, 1959-2008 Fidel Castro
90%
Yugoslavia, 1944-80 Josip Broz Tito
90%
Chile, 1973-90 Augusto Pinochet
80%
Iraq, 1979-2003 Saddam Hussein
80%
North Korea, 1948-94 Kim Il-sung
76%
Cambodia, 1975-79 Pol Pot
76%
North Korea, 1994-2011 Kim Jong-il
73%
Libya, 1969-2011 Muammar Gaddafi
71%
Zimbabwe, 1980-2017 Robert Mugabe
69%
Uganda, 1971-79 Idi Amin
68%
Indonesia, 1965-98 Suharto
62%
Haiti, 1957-71 Francois "Papa Doc" Duvalier
61%
Syria, 1970-2000 Hafez al-Assad
59%
Iran, 1953-79 Shah Mohammad Reza Pahlavi
59%
Philippines, 1965-86 Ferdinand Marcos
58%
Iran, 1979-89 Ayatollah Ruhollah Khomeini
57%
Egypt, 1954-70 Gamal Abdel Nasser
57%
Taiwan, 1949-75 Chiang Kai-shek
54%
Albania, 1944-85 Enver Hoxha
54%
Panama, 1983-89 Manuel Noriega
54%
Serbia, 1991-2000 Slobodan Milosevic
52%
Romania, 1965-89 Nicolae Ceausescu
50%
Portugal, 1932-68 Antonio de Oliveira Salazar
46%
Zaire (Congo), 1965-97 Mobutu Sese Seko
41%
South Korea, 1961-79 Park Chung-hee
39%
Sudan, 1989-2019 Omar al-Bashir
31%
South Vietnam, 1955-63 Ngo Dinh Diem
22%
Nicaragua, 1967-79 Anastasio Somoza Debayle
20%
Ethiopia, 1977-91 Mengistu Haile Mariam
17%
Pakistan, 1977-88 Muhammad Zia-ul-Haq
15%
No matching quizzes found
Score Distribution
Percent of People with Each Score
Percentile by Number Answered
Your Score History
You have not taken this quiz since the last reset